<?xml version="1.0" encoding="UTF-8"?>
<record
    xmlns:xsi="http://www.w3.org/2001/XMLSchema-instance"
    xsi:schemaLocation="http://www.loc.gov/MARC21/slim http://www.loc.gov/standards/marcxml/schema/MARC21slim.xsd"
    xmlns="http://www.loc.gov/MARC21/slim">

  <leader>00403nam a22001337a 4500</leader>
  <datafield tag="020" ind1=" " ind2=" ">
    <subfield code="a">9787108029690</subfield>
  </datafield>
  <datafield tag="082" ind1=" " ind2=" ">
    <subfield code="a">181.11</subfield>
    <subfield code="b">CHE</subfield>
  </datafield>
  <datafield tag="100" ind1=" " ind2=" ">
    <subfield code="a">Chen, Lai</subfield>
  </datafield>
  <datafield tag="245" ind1=" " ind2=" ">
    <subfield code="a">Nine Theories on East Asian Confucianism (Chinese Edition) /</subfield>
    <subfield code="c">Lai Chen</subfield>
  </datafield>
  <datafield tag="260" ind1=" " ind2=" ">
    <subfield code="a">China :</subfield>
    <subfield code="b">SDX Joint Publication Company,</subfield>
    <subfield code="c">2008.</subfield>
  </datafield>
  <datafield tag="300" ind1=" " ind2=" ">
    <subfield code="a">230 p. ;</subfield>
    <subfield code="c">19 cm.</subfield>
  </datafield>
  <datafield tag="880" ind1=" " ind2=" ">
    <subfield code="6">245-02\r</subfield>
    <subfield code="a">&#x4E1C;&#x4E9A;&#x5112;&#x5B66;&#x4E5D;&#x8BBA; /</subfield>
  </datafield>
  <datafield tag="942" ind1=" " ind2=" ">
    <subfield code="2">ddc</subfield>
    <subfield code="c">BK</subfield>
  </datafield>
  <datafield tag="999" ind1=" " ind2=" ">
    <subfield code="c">591831</subfield>
    <subfield code="d">591831</subfield>
  </datafield>
  <datafield tag="952" ind1=" " ind2=" ">
    <subfield code="0">0</subfield>
    <subfield code="1">0</subfield>
    <subfield code="2">ddc</subfield>
    <subfield code="4">0</subfield>
    <subfield code="6">181_110000000000000_CHE</subfield>
    <subfield code="7">0</subfield>
    <subfield code="9">583062</subfield>
    <subfield code="a">CL</subfield>
    <subfield code="b">CL</subfield>
    <subfield code="c">CHIST</subfield>
    <subfield code="d">2022-10-14</subfield>
    <subfield code="e">Donated by China Embassy</subfield>
    <subfield code="l">0</subfield>
    <subfield code="o">181.11 CHE</subfield>
    <subfield code="p">CL-D-1904</subfield>
    <subfield code="r">2022-10-14</subfield>
    <subfield code="w">2022-10-14</subfield>
    <subfield code="y">BK</subfield>
  </datafield>
</record>
